00304 2200133 4500001002100000005001500021035002000036245005500056300000800111260001900119082000800138084001200146990001200158INLIS00000000000208420250527095606 a0010-0525000376 aLalat-lalat dan Burung-Burung Bangkai /cN. Marewo a166 bJendela,c2004 a813 a813 LAL a0712500